00529nam a2200169 a 4500008004100000020001800041050001500059100001900074245012400093250001200217260003600229300002100265350001100286650002200297650001500319650002500334150205s2013 ||||||||||||||||| || u a9780808924449 aQM 601 Moo aMoore, Keith L14aThe developing human: clinically oriented embryology. (9th ed.)cBy Keith L. Moore , T.V.N. Persaud and Mark G. Torchia a9th ed. aCanadabElsevier Saundersc2013 axix, 540p.: ill. a106.88 aEMBRYOLOGY, HUMAN aEMBRYOLOGY aABNORMALITIES, HUMAN